Perspectives on english / (Record no. 15174)

MARC details
000 -LEADER
fixed length control field 00850cam a22002414a 4500
001 - CONTROL NUMBER
control field ENG-90787
005 - DATE AND TIME OF LATEST TRANSACTION
control field 20080417160226.0
008 - FIXED-LENGTH DATA ELEMENTS--GENERAL INFORMATION
fixed length control field 080828t xxu||||| |||| 00| e eng d
010 ## - LIBRARY OF CONGRESS CONTROL NUMBER
LC control number ENG-90787
020 ## - INTERNATIONAL STANDARD BOOK NUMBER
International Standard Book Number 9788172734176
Terms of availability 250.00
035 ## - SYSTEM CONTROL NUMBER
System control number EN-74320
037 ## - SOURCE OF ACQUISITION
Source of stock number/acquisition DBAD / PUB
040 ## - CATALOGING SOURCE
Original cataloging agency DPL
Language of cataloging English
082 ## - DEWEY DECIMAL CLASSIFICATION NUMBER
Classification number 880.8
100 ## - MAIN ENTRY--PERSONAL NAME
Personal name Nageswara Rao, E.
245 ## - TITLE STATEMENT
Title Perspectives on english /
Statement of responsibility, etc by E. Nageswara Rao
260 ## - PUBLICATION, DISTRIBUTION, ETC. (IMPRINT)
Place of publication, distribution, etc Delhi :
Name of publisher, distributor, etc Authorspress,
Date of publication, distribution, etc 2008.
270 ## - ADDRESS
Address E-35/103, Jawahar Park, Laxmi Nagar,
City Delhi
Postal code 110092
300 ## - PHYSICAL DESCRIPTION
Extent viii, 98p.
Dimensions 22 cm (Hb)
650 ## - SUBJECT ADDED ENTRY--TOPICAL TERM
Topical term or geographic name as entry element English literature
General subdivision History and criticism
942 ## - ADDED ENTRY ELEMENTS (KOHA)
Source of classification or shelving scheme Dewey Decimal Classification
Koha item type English Books
Call number suffix RAO
Classification part 880.8
Holdings
Withdrawn status Lost status Damaged status Not for loan Collection code Home library Current library Date acquired Cost, normal purchase price Total Checkouts Full call number Barcode Date last seen Cost, replacement price Price effective from Koha item type
      Not For Loan Non-fiction D.B.Act.Division D.B.Act.Division 28/08/2008 250.00   880.8 NAG EN-74320 15/09/2008 250.00 15/09/2008 English Books

© Delhi Public Library
Hit Counter
free hit counter